Loading...
| Fine Arts - Classical Music | 9 | 7.78 | 67% | 11% | 0% |
| Fine Arts - Other | 7 | 20.00 | 86% | 71% | 43% |
| Fine Arts - Painting and Sculpture | 4 | 7.50 | 75% | 0% | 0% |
| History - American | 4 | 12.50 | 100% | 25% | 0% |
| History - European | 6 | 11.67 | 83% | 33% | 0% |
| History - Other | 4 | 10.00 | 50% | 50% | 0% |
| History - World | 2 | 10.00 | 100% | 0% | 0% |
| Literature - American | 4 | 17.50 | 100% | 50% | 25% |
| Literature - British | 4 | 20.00 | 100% | 50% | 50% |
| Literature - European | 3 | 20.00 | 100% | 100% | 0% |
| Literature - World | 5 | 18.00 | 80% | 80% | 20% |
| Mythology | 9 | 10.00 | 89% | 0% | 11% |
| Other Academic | 2 | 15.00 | 50% | 100% | 0% |
| Philosophy | 8 | 8.75 | 88% | 0% | 0% |
| Pop Culture | 2 | 15.00 | 100% | 50% | 0% |
| Religion | 6 | 13.33 | 83% | 17% | 33% |
| Science - Biology | 3 | 6.67 | 67% | 0% | 0% |
| Science - Chemistry | 7 | 10.00 | 86% | 14% | 0% |
| Science - Other | 7 | 11.43 | 100% | 14% | 0% |
| Science - Physics | 4 | 10.00 | 75% | 25% | 0% |
| Social Science | 5 | 6.00 | 60% | 0% | 0% |